10 najlepszych kobiecych piłkarzy na świecie 2024 - Sudden Death - Statystyki

Ogólne statystyki
  • Ten quiz został rozwiązany 26 razy
  • Średni wynik to 2 z 10
Answers on the Grid
Answers color-coded by a green-red scale on the quiz's grid according to % correct below.
Lauren James
Chelsea
Aitana Bonmatí
Barcelona
Trinity Rodman
Washington Spirit
Keira Walsh
Barcelona
Mallory Swanson
Chicago Red Stars
Temwa Chawinga
Kansas City Current
Lauren Hemp
Manchester City
Barbra Banda
Orlando Pride
Lindsey Horan
Lyon
Caroline Graham Hansen
Barcelona
Marie-Antoinette Katoto
PSG
Khadija Shaw
Manchester City
Salma Paralluelo
Barcelona
Naomi Girma
San Diego Wave
Sophia Smith
Portland Thorns
 
Statystyki odpowiedzi
Odpowiedź % Poprawnych
Aitana Bonmatí
Barcelona
86%
Barbra Banda
Orlando Pride
29%
Caroline Graham Hansen
Barcelona
29%
Lindsey Horan
Lyon
29%
Salma Paralluelo
Barcelona
29%
Naomi Girma
San Diego Wave
14%
Trinity Rodman
Washington Spirit
14%
Khadija Shaw
Manchester City
0%
Mallory Swanson
Chicago Red Stars
0%
Sophia Smith
Portland Thorns
0%
Nie znaleziono quizów pasujących do podanych kryteriów
Rozkład punktacji
Procent ludzi z każdym wynikiem
Percentyl według liczby udzielonych odpowiedzi
Twoja historia wyników
Nie rozwiązałeś tego quizu